[Event "CRO-chT2 Ost"]
[Site "Croatia"]
[Date "2016.04.17"]
[Round "3.12"]
[White "Maras, Mile"]
[Black "Basic, Kresimir"]
[Result "1-0"]
[WhiteElo "2214"]
[BlackElo "2082"]
[PlyCount "77"]
[EventDate "2016.04.16"]
[EventType "team-tourn"]
[EventRounds "11"]
[EventCountry "CRO"]
[SourceTitle "EXT 2019"]
[Source "ChessBase"]
[SourceDate "2018.10.10"]
[SourceVersion "1"]
[SourceVersionDate "2018.10.10"]
[SourceQuality "1"]

1. d4 Nf6 2. Nf3 g6 3. g3 Bg7 4. Bg2 0-0 5. 0-0 d6 6. Nc3 Nc6 7. d5 Nb8 8. Nd4 a5 9. a4 Na6 10. h3 Nc5 11. e4 e5 12. dxe6 fxe6 13. Be3 e5 14. Nb3 Nxb3 15. cxb3 Be6 16. Nd5 Nd7 17. Rc1 c6 18. Nc3 Qe7 19. Nb1 Rfc8 20. Na3 Bf8 21. Rc3 Qf7 22. f4 Qe7 23. f5 Bf7 24. h4 gxf5 25. Bg5 Qe8 26. Rxf5 Be6 27. Rf1 h6 28. Bc1 Qg6 29. Nc4 Bg4 30. Qe1 b5 31. Ne3 b4 32. Rc2 Be6 33. Rcf2 Bxb3 34. Bh3 Be6 35. h5 Qe8 36. Bxe6+ Qxe6 37. Nf5 d5 38. Qe2 Bc5 39. Qg4+ 1-0

[Event "CRO-chT2 Ost"]
[Site "Croatia"]
[Date "2015.10.25"]
[Round "10.43"]
[White "Tomicic, Zvonimir"]
[Black "Basic, Kresimir"]
[Result "1-0"]
[WhiteElo "2199"]
[BlackElo "2069"]
[PlyCount "120"]
[EventDate "2015.04.25"]
[EventType "team-tourn"]
[EventRounds "11"]
[EventCountry "CRO"]
[SourceTitle "EXT 2016"]
[Source "ChessBase"]
[SourceDate "2015.10.08"]
[SourceVersion "1"]
[SourceVersionDate "2015.10.08"]
[SourceQuality "1"]

1. Nf3 Nf6 2. g3 g6 3. Bg2 Bg7 4. 0-0 0-0 5. c4 d6 6. Nc3 c6 7. Rb1 a5 8. a3 e5 9. d3 Na6 10. b4 axb4 11. axb4 Bf5 12. Bg5 h6 13. Bd2 Re8 14. e4 Be6 15. h3 Qb8 16. b5 cxb5 17. Rxb5 Nc5 18. Be3 Qc8 19. Kh2 Nxd3 20. Qxd3 Bxc4 21. Qxd6 Bxf1 22. Rc5 Bf8 23. Rxc8 Bxd6 24. Rxe8+ Rxe8 25. Bxf1 Rc8 26. Nd5 Nxe4 27. Nxe5 Kg7 28. Ng4 Bc5 29. Bxh6+ Kh7 30. Bf4 Bd4 31. Kg2 f5 32. Nge3 g5 33. Nxf5 gxf4 34. Nxd4 Nd2 35. Bd3+ Kh8 36. Nxf4 Nc4 37. h4 Ne5 38. Bf5 Rc5 39. Nde6 Rc4 40. g4 b5 41. g5 b4 42. g6 Nxg6 43. Nxg6+ Kg8 44. Ng5 Kg7 45. Nf3 Kf6 46. Bd3 Rc1 47. Nge5 b3 48. Ng4+ Kg7 49. Ne3 Rc3 50. Be4 Kh6 51. Kg3 Kh5 52. Nd5 Rc4 53. Bd3 Rg4+ 54. Kh3 Ra4 55. Nf6+ Kh6 56. Ne4 Kh5 57. Ned2 Rf4 58. Bb1 Rb4 59. Ne4 Rc4 60. Nfd2 Rc1 1-0

[Event "CRO-chT2 Ost"]
[Site "Croatia"]
[Date "2015.05.10"]
[Round "6.25"]
[White "Stanic, Ivica"]
[Black "Basic, Kresimir"]
[Result "1-0"]
[WhiteElo "2055"]
[BlackElo "2101"]
[PlyCount "181"]
[EventDate "2015.04.25"]
[EventType "team-tourn"]
[EventRounds "11"]
[EventCountry "CRO"]
[SourceTitle "EXT 2016"]
[Source "ChessBase"]
[SourceDate "2015.10.08"]
[SourceVersion "1"]
[SourceVersionDate "2015.10.08"]
[SourceQuality "1"]

1. e4 Nf6 2. e5 Nd5 3. c4 Nb6 4. Nc3 d6 5. exd6 exd6 6. d4 Bf5 7. Bd3 Bxd3 8. Qxd3 Be7 9. Nf3 0-0 10. 0-0 c6 11. b3 d5 12. Bf4 Na6 13. c5 Nd7 14. a3 Nc7 15. b4 Ne6 16. Bg3 Bf6 17. Rab1 Re8 18. b5 Qa5 19. Ne2 Ng5 20. bxc6 Nxf3+ 21. Qxf3 bxc6 22. Rb7 Nf8 23. Be5 Qa6 24. Rfb1 Ng6 25. Bxf6 Qxe2 26. Qxe2 Rxe2 27. Kf1 Ree8 28. Bg5 f6 29. Be3 Re7 30. h4 h5 31. g3 Rae8 32. a4 Rxb7 33. Rxb7 Re7 34. Rb8+ Kf7 35. Rc8 Rb7 36. Rxc6 Ne7 37. Ra6 Ke8 38. Ke2 Kd7 39. Rd6+ Kc8 40. a5 Rc7 41. Kd3 Rc6 42. Bf4 Rxd6 43. Bxd6 Nc6 44. Bf8 g6 45. Kc3 Kd7 46. f3 Nxa5 47. g4 Nc6 48. Kd3 a6 49. Bh6 Ke6 50. Be3 Kd7 51. Ke2 Ke6 52. Kf2 Kf7 53. Kg3 Ke6 54. Kf4 a5 55. Bd2 a4 56. Bc3 Ne7 57. Ke3 Kd7 58. Kf4 Kc6 59. g5 fxg5+ 60. Kxg5 Kd7 61. Kf6 Nf5 62. Kg5 Ke6 63. f4 Ne7 64. c6 Kf7 65. c7 Nc8 66. Bb4 Kg7 67. f5 gxf5 68. Kxf5 Kf7 69. Ke5 Ke8 70. Kxd5 Kd7 71. Ke5 Nb6 72. Kf5 Nd5 73. Ba3 Nxc7 74. Kg6 Ke6 75. Kxh5 Kf5 76. Kh6 Kf6 77. Kh7 Kf7 78. h5 Nd5 79. Kh6 Kf6 80. Bc1 Nb6 81. Kh7 Kf7 82. Bb2 Nd5 83. Ba3 Ne3 84. Kh6 Kf6 85. Bb2 Nd5 86. Kh7 Kf7 87. Ba3 Nf6+ 88. Kh6 Nxh5 89. Kxh5 Ke6 90. Kg4 Kd5 91. Bb2 1-0

[Event "CRO-chT2 Ost"]
[Site "Croatia"]
[Date "2015.04.26"]
[Round "3.65"]
[White "Babic, Andrija"]
[Black "Basic, Kresimir"]
[Result "1-0"]
[WhiteElo "2065"]
[BlackElo "2101"]
[PlyCount "71"]
[EventDate "2015.04.25"]
[EventType "team-tourn"]
[EventRounds "11"]
[EventCountry "CRO"]
[SourceTitle "EXT 2016"]
[Source "ChessBase"]
[SourceDate "2015.10.08"]
[SourceVersion "1"]
[SourceVersionDate "2015.10.08"]
[SourceQuality "1"]

1. e4 Nf6 2. Nc3 d5 3. e5 d4 4. exf6 dxc3 5. fxg7 cxd2+ 6. Qxd2 Qxd2+ 7. Bxd2 Bxg7 8. 0-0-0 Nc6 9. Bb5 Bd7 10. Ne2 0-0-0 11. Rhe1 h5 12. Nc3 e6 13. Ne4 a6 14. Bf1 h4 15. Ng5 Be8 16. f4 Nd4 17. Bb4 Nc6 18. Bd2 Nd4 19. Bd3 Bf6 20. Bc3 Rg8 21. Be4 c5 22. Ba5 Rd6 23. Bh7 Rg7 24. Ne4 Be7 25. Nxd6+ Bxd6 26. Be4 Bxf4+ 27. Kb1 Bc6 28. c3 Bxe4+ 29. Rxe4 Nc6 30. Bb6 e5 31. Rc4 Rxg2 32. Rxc5 Bg5 33. Rcd5 f5 34. Rd7 Rxh2 35. Rc7+ Kb8 36. Rg7 1-0

[Event "CRO-chT2 East"]
[Site "Croatia"]
[Date "2014.05.11"]
[Round "6.12"]
[White "Basic, Kresimir"]
[Black "Dabic, Stanko"]
[Result "0-1"]
[WhiteElo "2032"]
[BlackElo "2171"]
[PlyCount "93"]
[EventDate "2014.04.26"]
[EventType "team-tourn"]
[EventRounds "11"]
[EventCountry "CRO"]
[SourceTitle "EXT 2019"]
[Source "ChessBase"]
[SourceDate "2018.10.10"]
[SourceVersion "1"]
[SourceVersionDate "2018.10.10"]
[SourceQuality "1"]

1. Nf3 Nf6 2. g3 d5 3. Bg2 e6 4. 0-0 Be7 5. d3 c5 6. Nbd2 Nc6 7. e4 0-0 8. Re1 b6 9. e5 Nd7 10. Nf1 Bb7 11. h4 Re8 12. Bf4 f5 13. exf6 Bxf6 14. Ng5 Nf8 15. c3 h6 16. Nh3 Qd7 17. Qg4 Kh8 18. Qh5 e5 19. Ng5 Re7 20. Bd2 Nd8 21. Ne3 Qe8 22. Qxe8 Rxe8 23. Nh3 e4 24. Nf4 d4 25. Ned5 dxc3 26. bxc3 Be5 27. dxe4 Nf7 28. Nd3 Rad8 29. f4 Bb8 30. c4 Nd7 31. Bc3 Nd6 32. Nb2 Ba6 33. e5 Nxc4 34. Bf1 b5 35. Nxc4 bxc4 36. Ne3 Nb6 37. Rad1 Bc7 38. Nf5 Nd5 39. Rxd5 Rxd5 40. Ne3 Rd3 41. Ba1 Ba5 42. Re2 c3 43. Kf2 c4 44. Nc2 Bb7 45. e6 Rd1 46. Re1 Bb6+ 47. Ke2 0-1

[Event "CRO-chT2 East"]
[Site "Croatia"]
[Date "2014.04.26"]
[Round "1.42"]
[White "Basic, Kresimir"]
[Black "Grandic, Zvjezdan"]
[Result "0-1"]
[WhiteElo "2032"]
[BlackElo "2217"]
[PlyCount "26"]
[EventDate "2014.04.26"]
[EventType "team-tourn"]
[EventRounds "11"]
[EventCountry "CRO"]
[SourceTitle "EXT 2019"]
[Source "ChessBase"]
[SourceDate "2018.10.10"]
[SourceVersion "1"]
[SourceVersionDate "2018.10.10"]
[SourceQuality "1"]

1. Nf3 d5 2. g3 Nc6 3. d4 Nf6 4. Bg2 g6 5. 0-0 Bg7 6. b3 0-0 7. Bb2 Ne4 8. c3 f5 9. e3 g5 10. Nfd2 e5 11. c4 exd4 12. cxd5 Nc3 13. Qc2 Nb4 0-1

[Event "CRO-chT2 East"]
[Site "Croatia"]
[Date "2014.04.26"]
[Round "2.32"]
[White "Patarcic, Domagoj"]
[Black "Basic, Kresimir"]
[Result "1/2-1/2"]
[WhiteElo "2112"]
[BlackElo "2032"]
[PlyCount "100"]
[EventDate "2014.04.26"]
[EventType "team-tourn"]
[EventRounds "11"]
[EventCountry "CRO"]
[SourceTitle "EXT 2019"]
[Source "ChessBase"]
[SourceDate "2018.10.10"]
[SourceVersion "1"]
[SourceVersionDate "2018.10.10"]
[SourceQuality "1"]

1. d4 Nf6 2. Nc3 d5 3. Bg5 Nbd7 4. e3 g6 5. h4 h6 6. Bf4 c6 7. Be2 Qb6 8. Rb1 Bg7 9. g4 h5 10. g5 Nh7 11. Nf3 Ndf8 12. b4 Bg4 13. b5 Qa5 14. Qd2 Ne6 15. bxc6 bxc6 16. Ne5 Bxe2 17. Nxc6 Qa6 18. Nb4 Qc4 19. Nxe2 a5 20. Nd3 Qxa2 21. 0-0 Qc4 22. Rb7 Qc8 23. Rfb1 Nxf4 24. Nexf4 Qg4+ 25. Kf1 0-0 26. Ng2 Rae8 27. Qxa5 Nxg5 28. hxg5 h4 29. Nxh4 Qxh4 30. Qxd5 e6 31. Qd6 Qxg5 32. Rb8 Rxb8 33. Rxb8 Qg4 34. Ke1 Qg1+ 35. Kd2 g5 36. Rxf8+ Bxf8 37. Qe5 Be7 38. Qg3 Qa1 39. Qb8+ Kg7 40. Qc7 Ba3 41. Qe5+ Kg6 42. f4 gxf4 43. Nxf4+ Kh7 44. Qh5+ Kg8 45. Qg5+ Kf8 46. Qh6+ Ke7 47. Qg5+ Kf8 48. Qd8+ Kg7 49. Qg5+ Kf8 50. Nxe6+ fxe6 1/2-1/2

[Event "Zagreb op-B"]
[Site "Zagreb"]
[Date "2010.02.28"]
[Round "4"]
[White "Kalajzic, Ivan"]
[Black "Basic, Kresimir"]
[Result "1-0"]
[WhiteElo "2198"]
[BlackElo "2028"]
[PlyCount "57"]
[EventDate "2010.02.25"]
[EventType "swiss"]
[EventRounds "9"]
[EventCountry "CRO"]
[SourceTitle "CBM 135 Extra"]
[Source "ChessBase"]
[SourceDate "2010.05.04"]
[SourceVersion "1"]
[SourceVersionDate "2010.05.04"]
[SourceQuality "1"]

1. Nf3 Nf6 2. Nc3 g6 3. e4 d5 4. exd5 Nxd5 5. Bc4 Nb6 6. Bb3 Bg7 7. h4 Nc6 8. h5 Na5 9. hxg6 hxg6 10. Rxh8+ Bxh8 11. Qe2 Nxb3 12. axb3 a6 13. d3 Qd6 14. Ne4 Qc6 15. Ra5 Nd7 16. d4 b6 17. d5 Qb7 18. d6 bxa5 19. Nc5 Qb4+ 20. Bd2 cxd6 21. Bxb4 axb4 22. Ne4 Kf8 23. Qc4 Rb8 24. Neg5 e6 25. Qf4 Bf6 26. Nh7+ Kg7 27. Nxf6 e5 28. Ne8+ Kf8 29. Nxe5 1-0

[Event "Porec op"]
[Site "Porec"]
[Date "2009.12.04"]
[Round "7"]
[White "Brecevac, Viktor"]
[Black "Basic, Kresimir"]
[Result "0-1"]
[WhiteElo "1551"]
[BlackElo "2032"]
[PlyCount "66"]
[EventDate "2009.12.03"]
[EventType "swiss"]
[EventRounds "7"]
[EventCountry "CRO"]
[SourceTitle "CBM 133 Extra"]
[Source "ChessBase"]
[SourceDate "2010.01.05"]
[SourceVersion "1"]
[SourceVersionDate "2010.01.05"]
[SourceQuality "1"]

1. c4 Nf6 2. Nc3 g6 3. g3 Bg7 4. Bg2 d6 5. d3 e5 6. e4 0-0 7. h3 Nh5 8. g4 Nf4 9. Bxf4 exf4 10. Qd2 g5 11. f3 Bd4 12. Qc2 Nc6 13. a3 Bd7 14. Nge2 Be3 15. Nd5 Nd4 16. Nxd4 Bxd4 17. Nc3 c6 18. Ne2 Be3 19. Qc3 b5 20. Nd4 Qb6 21. Nc2 f6 22. Ke2 d5 23. d4 bxc4 24. Nxe3 fxe3 25. Kxe3 Rab8 26. Ra2 Qc7 27. Kf2 Rb3 28. Qd2 Qb6 29. Rd1 Rd3 30. Qxd3 cxd3 31. Rxd3 Be6 32. b4 dxe4 33. fxe4 Bxa2 0-1